| 000 | 01000nam a2200289 i 4500 | ||
|---|---|---|---|
| 003 | EG-GICUC | ||
| 005 | 20260317131048.0 | ||
| 008 | 260317s1900 ||| |||f |||| 00| 0 fre d | ||
| 040 |
_aEG-GiCUC _bfre _cEG-GiCUC _dEG-GiCUC _eRda |
||
| 082 | 0 | 4 |
_221 _a343.2 _bBA . D |
| 092 | 0 | 4 | _221 |
| 099 | _aLaw1 10 343.2 BA . D [1900] | ||
| 100 | 1 |
_aBayer, Vladimir _eAuteur |
|
| 245 | 1 | 0 |
_aDroit Penal Special : _bObjet Du Cours Infractions Economiques / _cVladimir Bayer. |
| 264 | 1 |
_a[Lieu De Publication Non Précisé] : _b[Éditeur Non Spécifié], _c[1900]. |
|
| 300 |
_a397 page ; _c 24 cm. _billustration ; |
||
| 336 |
_2rda contenu _a texte |
||
| 337 |
_2rda medias _aOrdinateur |
||
| 338 |
_2 transporteur rda _a Ressource en ligne |
||
| 504 | _aBibliography: pages 200-250. 240-220 | ||
| 650 | 1 |
_aDroit Pénal Spécial _2qrmak |
|
| 650 | 1 |
_aDroit DemPénal _2qrmak |
|
| 651 | 1 | _2qrmak | |
| 856 | 4 | 0 | _uhttps://fll.law.cu.edu.eg/fulltext/bks/B10-06620.pdf |
| 905 | _a54 | ||
| 942 |
_2ddc _cBK _e21 _n0 |
||
| 999 |
_c66415 _d66415 |
||